Southville International School and Colleges
Your cart is empty.
  • Cart
  • Lists
    Public lists Eva Luna New books Lux_list list_1
    Your lists Log in to create your own lists
  • Log in to your account
  • Your cookies
  • Search history
Southville International School and Colleges
  • Advanced search
  • Recent comments
  • Most popular
  • Libraries

Log in to your account

Log in with GOOGLE


If you do not have an external account, but do have a local account, you can still log in:

  1. Home
  2. MARC view: Event management /
Normal view MARC view ISBD view

Event management / (Record no. 24386)

[ view plain ]
MARC details
000 -LEADER
fixed length control field 00562nam a2200205 a 4500
005 - DATE AND TIME OF LATEST TRANSACTION
control field 20140310183520.0
008 - FIXED-LENGTH DATA ELEMENTS--GENERAL INFORMATION
fixed length control field 110815s19uu xx 00 eng d
020 ## - INTERNATIONAL STANDARD BOOK NUMBER
International Standard Book Number 978071078917
050 ## - LIBRARY OF CONGRESS CALL NUMBER
Classification number GT 3405
Item number .M478 2010
100 ## - MAIN ENTRY--PERSONAL NAME
Personal name McCartney, Glenn
245 ## - TITLE STATEMENT
Title Event management /
Remainder of title an Asian perspective.
260 ## - PUBLICATION, DISTRIBUTION, ETC. (IMPRINT)
Place of publication, distribution, etc New York :
Name of publisher, distributor, etc McGrwa-Hill,
Date of publication, distribution, etc 2010.
300 ## - PHYSICAL DESCRIPTION
Extent 447 p. :
Other physical details ill. ;
Dimensions 26 cm.
521 ## - TARGET AUDIENCE NOTE
Target audience note
650 ## - SUBJECT ADDED ENTRY--TOPICAL TERM
Topical term or geographic name as entry element Special events- Planning.
650 ## - SUBJECT ADDED ENTRY--TOPICAL TERM
Topical term or geographic name as entry element Special events-Management.
942 ## - ADDED ENTRY ELEMENTS (KOHA)
Koha item type Books
Source of classification or shelving scheme Library of Congress Classification
Call number prefix Foreign
Holdings
Withdrawn status Lost status Source of classification or shelving scheme Damaged status Home library Current library Shelving location Date acquired Total Checkouts Full call number Barcode Date last seen Copy number Price effective from Koha item type
    Library of Congress Classification   College Library College Library General Circulation Section 08/15/2011   GT 3405 .M478 2010 C12339 05/15/2018 1 11/14/2013 Books
    Library of Congress Classification   College Library College Library General Circulation Section 10/25/2013   GT 3405 .M478 2010 C12338 05/15/2018 2 10/25/2013 Books

Event management /

APA

McCartney G., . (2010). Event management. New York: McGrwa-Hill.

Chicago

McCartney Glenn, . 2010. Event management. New York: McGrwa-Hill.

Harvard

McCartney G., . (2010). Event management. New York: McGrwa-Hill.

MLA

McCartney Glenn, . Event management. New York: McGrwa-Hill. 2010.

  • Place hold
  • Print
  • Cite
  • Add to your cart (remove)
  • Save record
    BIBTEX Dublin Core MARCXML MARC (non-Unicode/MARC-8) MARC (Unicode/UTF-8) MARC (Unicode/UTF-8, Standard) MODS (XML) RIS
  • More searches
    Search for this title in:
    Other Libraries (WorldCat) Other Databases (Google Scholar) Online Stores (Bookfinder.com) Open Library (openlibrary.org)

Exporting to Dublin Core...

SOUTHVILLE LIBRARY

Southville International School and Colleges Library

1281 Tropical Ave. Cor. Luxembourg St., BF Homes International, Las Pinas City

Tel. No. 8256374 / 252358 Loc. 117/146

Powered by Koha